000 00944nam a2200241Ia 4500
003 GCL
008 140319s9999 xx 000 0 ara d
020 _a9635810977
040 _aGCL /
_cGCL
082 0 4 _a819
_bط أ
100 1 _aطيبة صالح الشذر
245 1 0 _aالفاظ الحضارة العباسية فى مؤلفات الجاحظ /
_cطيبة صالح الشذر
250 _aالاولى
260 _aالقاهرة :
_bدار قباء للطباعة والنشر والتوزيع ،
_c1998
300 _a655 ص ؛
_c25 سم
650 0 4 _aالادب العربى
650 0 4 _aالنثر العربى
650 0 4 _aاللغة العربية - الالفاظ
650 0 4 _aالادب العربى - تاريخ ونقد
650 0 4 _aالادب العربى - تاريخ ونقد - العصر العباسى
650 0 4 _aالجاحظ ،ابى عثمان عمرو بن بحر بن محبوب
942 _2ddc
_cBK
999 _c4856
_d4856